Biggest European Cities by Letter - B - Statistics

General Stats
  • This quiz has been taken 544 times
    279 since last reset
  • The average score is 18 of 24
Answers on the Map
Answers color-coded by a green-red scale on the quiz's map according to % correct below.
 
Answer Stats
Population Country City % Correct
1,621,537 Spain Barcelona
99%
3,426,354 Germany Berlin
99%
1,019,022 Belgium Brussels
99%
984,333 United Kingdom Birmingham
98%
1,877,155 Romania Bucharest
98%
1,741,041 Hungary Budapest
98%
274,770 United Kingdom Belfast
96%
423,737 Slovakia Bratislava
95%
1,273,651 Serbia Belgrade
94%
366,133 Italy Bologna
87%
354,860 Spain Bilbao
85%
617,280 United Kingdom Bristol
83%
277,387 Italy Bari
79%
369,559 Czech Republic Brno
75%
546,501 Germany Bremen
74%
313,125 Germany Bonn
72%
331,906 Germany Bielefeld
58%
385,729 Germany Bochum
53%
299,310 United Kingdom Bradford
53%
300,715 Belarus Brest
48%
291,855 Poland Bialystok
41%
366,452 Poland Bydgoszcz
41%
345,289 Russia Belgorod
37%
427,236 Russia Bryansk
36%
No matching quizzes found
Score Distribution
Percent of People with Each Score
Percentile by Number Answered
Your Score History
You have not taken this quiz since the last reset